000
00213 a2200097 4500
001
26733
100
_a
Tocci, R.J
245
_a
Fundamentals of electronic devices
260
_a
_b
Merrill
_c
090
_c
17979
_d
17979
942
_a
NUST-CAE
_c
M
_c
8867
999
_c
261806
_d
261806